[Event "CRO-chT2"]
[Site "Pula"]
[Date "1998.??.??"]
[Round "8"]
[White "Muslija, Idris"]
[Black "Bilobrk, Franjo"]
[Result "0-1"]
[WhiteElo "2245"]
[BlackElo "2365"]

1.c4 Nf6 2.Nc3 g6 3.d4 Bg7 4.e4 d6 5.Nf3 O-O 6.Be2 e5 7.O-O Na6 8.d5 Nc5
9.Qc2 a5 10.Ne1 Bd7 11.Bg5 h6 12.Bh4 c6 13.Nd3 Qb6 14.Nxc5 Qxc5 15.Kh1 cxd5
16.cxd5 Rfc8 17.Rac1 a4 18.f4 exf4 19.Rxf4 g5 20.Bf2 Qa5 21.Rf3 Ng4 22.Bg1 a3
23.Rg3 axb2 24.Qxb2 b5 25.Bxg4 Bxg4 26.Rxg4 b4 27.h4 Rxc3 28.Rxc3 bxc3 29.Qc1 Qxa2
30.hxg5 Qd2 31.Be3 Qxc1+ 32.Bxc1 h5 33.Rf4 Ra1 34.Rf1 c2 35.Kg1 Bd4+  0-1

[Event "Pula op"]
[Site "Pula"]
[Date "1998.??.??"]
[Round "8"]
[White "Lalic, Bogdan"]
[Black "Fercec, Nenad"]
[Result "1-0"]
[WhiteElo "2545"]
[BlackElo "2455"]

1.d4 Nf6 2.c4 g6 3.Nc3 Bg7 4.e4 d6 5.Nf3 O-O 6.Be2 e5 7.Be3 exd4 8.Nxd4 Re8
9.f3 c6 10.Qd2 d5 11.exd5 cxd5 12.O-O Nc6 13.c5 Rxe3 14.Qxe3 Qf8 15.Ncb5 Qxc5
16.Qf2 Bd7 17.Nb3 Qxf2+ 18.Kxf2 a6 19.Nc3 d4 20.Na4 Bh6 21.Rfd1 Be3+ 22.Kf1 Nd5
23.Nac5 Bc8 24.Bd3 b6 25.Be4 Nde7 26.Nd3 f5 27.Bxc6 Nxc6 28.Nd2 Be6 29.Rac1 Bd5
30.Rc2 b5 31.Rc5 Rd8 32.Ke2 Rd6 33.Rdc1 Ne7 34.Rc7 Kf8 35.Ra7 Bg5 36.Rcc7 Re6+
37.Kd1 Re3 38.Nb4 Bf7 39.Nf1 Re5 40.f4 Bxf4 41.Nd3  1-0

[Event "Radenci op"]
[Site "Radenci"]
[Date "1998.??.??"]
[Round "?"]
[White "Kozul, Zdenko"]
[Black "Tratar, Marko"]
[Result "1-0"]
[WhiteElo "2585"]
[BlackElo "2420"]

1.d4 Nf6 2.c4 g6 3.Nc3 Bg7 4.e4 d6 5.Nf3 O-O 6.Be2 e5 7.O-O Na6 8.Be3 c6
9.d5 Ng4 10.Bg5 f6 11.Bc1 f5 12.Ne1 Nf6 13.Bg5 Qd7 14.f3 c5 15.Bd2 f4 16.a3 g5
17.Nd3 h5 18.g3 Bh6 19.gxf4 gxf4 20.Kh1 Qe7 21.Rg1+ Kf7 22.Qe1 Nh7 23.Nb5 Nc7
24.Nxe5+ Qxe5 25.Nxc7 Rb8 26.Qh4  1-0

[Event "Jirasek mem"]
[Site "Rakovnik"]
[Date "1998.??.??"]
[Round "1"]
[White "Kovar, Petr"]
[Black "Neuman, Petr"]
[Result "0-1"]
[WhiteElo "1875"]
[BlackElo "2340"]

1.c4 g6 2.Nc3 Bg7 3.Nf3 d6 4.d4 Nf6 5.e4 O-O 6.Be2 e5 7.dxe5 dxe5 8.Bg5 c6
9.O-O h6 10.Be3 Qe7 11.h3 Nh5 12.Qc1 Kh7 13.Nh2 Nf6 14.a3 Nfd7 15.Ng4 h5
16.Nh2 Nc5 17.Qc2 Ne6 18.Rad1 Nd4 19.Qc1 Na6 20.Nf3 Nc5 21.b4 Ncb3 22.Qb2 Nxf3+
23.Bxf3 Nd4 24.Be2 Rd8 25.Bd3 Bh6 26.Bxh6 Kxh6 27.Qd2+ Kg7 28.Ne2 Be6 29.Nxd4 Rxd4
30.Qc3 Rad8 31.Be2 Rxe4 32.Bf3 Red4 33.c5 f6 34.Rxd4 Rxd4 35.Re1 Qd7 36.Be2 Rd2
37.Bc4 Bxc4 38.Qxc4 Qd4 39.Qxd4 Rxd4 40.Re3 Kf7 41.Kf1 Ke6 42.Ke2 g5 43.Rb3 a6
44.Rg3 h4 45.Rb3 f5 46.f3 Kd5 47.Rc3 f4 48.Rc2 a5 49.bxa5 Ra4 50.Rb2 Rxa5
51.Rxb7 Rxa3 52.Rg7 Ra2+ 53.Kf1 Kxc5 54.Rxg5 Kd4 55.Rh5 c5 56.Rxh4 c4 57.Rh8 c3
58.Kg1 c2 59.Kh2  0-1

[Event "Jirasek mem"]
[Site "Rakovnik"]
[Date "1998.??.??"]
[Round "4"]
[White "Kovar, Petr"]
[Black "Novy, Daniel"]
[Result "1/2-1/2"]
[WhiteElo "1875"]
[BlackElo "1935"]

1.c4 Nf6 2.Nc3 g6 3.Nf3 Bg7 4.d4 d6 5.e4 Nbd7 6.Be2 O-O 7.O-O e5 8.d5 h6
9.Ne1 Nc5 10.Qc2 a5 11.Be3 b6 12.f3 Nh5 13.Nd3 g5 14.Nxc5 bxc5 15.g4 Nf4
16.Bxf4 exf4 17.Rab1 Bd4+  1/2-1/2

[Event "Jirasek mem"]
[Site "Rakovnik"]
[Date "1998.??.??"]
[Round "9"]
[White "Pliva, Vojtech"]
[Black "Neuman, Petr"]
[Result "1/2-1/2"]
[WhiteElo "2115"]
[BlackElo "2340"]

1.Nf3 Nf6 2.d4 g6 3.c4 Bg7 4.Nc3 O-O 5.e4 d6 6.Be2 e5 7.O-O Na6 8.Re1 c6
9.Be3 Ng4 10.Bg5 f6 11.Bc1 Nh6 12.Be3 Qe7 13.Qb3 Nf7 14.Rad1 f5 15.exf5 gxf5
16.c5 Be6 17.cxd6 Nxd6 18.d5 Bf7 19.Bxa6 bxa6 20.Bg5 Qc7 21.Nxe5 Rab8 22.Qc2 Bh5
23.Rc1 cxd5 24.Nxd5 Qxc2 25.Rxc2 Rfe8 26.f4 Ne4 27.Bh4 Rb7 28.h3 Bf7 29.Nxf7 Kxf7
30.Rd1 Bxb2 31.Kh2 Bg7 32.Ne3 Bh6 33.g3 Nxg3 34.Nc4 Ne4 35.Ne5+ Kg8 36.Nd3 Rd7
37.Rg1+ Kh8 38.Rc6 Bg7 39.Ne5 Rd2+ 40.Kh1 Bxe5 41.fxe5 Nf2+ 42.Bxf2 Rxf2
43.Rxa6  1/2-1/2

[Event "Recklinghausen op"]
[Site "Recklinghausen"]
[Date "1998.??.??"]
[Round "?"]
[White "Stolte, Alexander"]
[Black "Schebler, Gerhard"]
[Result "1-0"]
[WhiteElo "2165"]
[BlackElo "2450"]

1.d4 Nf6 2.Nf3 g6 3.c4 Bg7 4.Nc3 O-O 5.e4 d6 6.Be2 e5 7.d5 a5 8.Nd2 Na6 9.h4 h5
10.Nf3 Nh7 11.Ng5 Nxg5 12.hxg5 f6 13.Bxh5 gxh5 14.Qxh5 fxg5 15.Qh7+ Kf7 16.Qh5+ Kg8
17.Bxg5 Rf6 18.O-O-O Nc5 19.g3 Kf8 20.f4 Qe8 21.Qh8+ Kf7 22.Qh5+ Kf8 23.Qh8+ Kf7
24.Qh4 Bd7 25.Bxf6 Bxf6 26.Qh7+ Kf8 27.fxe5 Qxe5 28.Rdf1 Qg5+ 29.Kb1 Be8
30.Qxc7 Nd7 31.Rh8+ Ke7 32.Rh7+ Bg7 33.Nb5 Ra6 34.Nd4 Rb6 35.Rxg7+  1-0

[Event "Regensburg op"]
[Site "Regensburg"]
[Date "1998.??.??"]
[Round "3"]
[White "Handke, Florian"]
[Black "Gallagher, Joseph G"]
[Result "0-1"]
[WhiteElo "2260"]
[BlackElo "2490"]

1.d4 Nf6 2.c4 g6 3.Nc3 Bg7 4.e4 d6 5.Nf3 O-O 6.Be2 e5 7.d5 Na6 8.Bg5 h6 9.Bh4 g5
10.Bg3 Nxe4 11.Nxe4 f5 12.Nc3 f4 13.Ne4 Bf5 14.Nfd2 Nc5 15.f3 fxg3 16.hxg3 b6
17.b4 Nxe4 18.fxe4 Bd7 19.Bg4 c6 20.dxc6 Bxc6 21.Be6+ Kh8 22.Qg4 b5 23.Nf3 bxc4
24.O-O-O Qb6 25.Qxg5 Rf6 26.Rxd6 Qxb4 27.Rxc6 Qa3+ 28.Kd2 Qxa2+ 29.Ke3 Qb3+
30.Kf2 Qc2+ 31.Ke3 Raf8 32.Qg4 Qxg2 33.Rc8 Rxf3+  0-1

[Event "ISL-chT9899"]
[Site "Reykjavik"]
[Date "1998.??.??"]
[Round "?"]
[White "Hjartarson, Johann"]
[Black "Gretarsson, Andri A"]
[Result "1-0"]
[WhiteElo "2630"]
[BlackElo "2313"]

1.d4 Nf6 2.c4 g6 3.Nc3 Bg7 4.e4 O-O 5.Nf3 d6 6.Be2 e5 7.O-O Nbd7 8.Be3 h6
9.dxe5 dxe5 10.Nd2 c6 11.b4 a5 12.b5 c5 13.Qc2 b6 14.Rad1 Bb7 15.Nd5 Ne8
16.Nb1 Bxd5 17.Rxd5 Qe7 18.Rfd1 Ndf6 19.R5d2 Nc7 20.Rd6 Rab8 21.Nc3 Rfd8
22.Rc6 Ne6 23.Nd5 Nxd5 24.cxd5 Nd4 25.Bxd4 cxd4 26.g3 Rb7 27.Rc1 Bf8 28.f4 exf4
29.gxf4 Qh4 30.Rf1 Bd6 31.e5 Bc5 32.Kh1 Rxd5 33.Bc4 Qh3 34.Rxg6+ fxg6 35.Bxd5+ Kh7
36.Bg2 Qd7 37.Bxb7 Qxb7+ 38.Qg2 Qe7 39.f5 gxf5 40.Rg1 Qf7 41.e6  1-0

[Event "ISL-chT9899"]
[Site "Reykjavik"]
[Date "1998.??.??"]
[Round "?"]
[White "Thorsson, Olafur"]
[Black "Kristinsson, Jon"]
[Result "1/2-1/2"]
[WhiteElo "2205"]
[BlackElo "2335"]

1.d4 Nf6 2.Nf3 g6 3.c4 Bg7 4.Nc3 O-O 5.e4 d6 6.Be2 e5 7.d5 Nbd7 8.Bg5 h6
9.Bh4 a5 10.Nd2 Nc5 11.O-O g5 12.Bg3 Nfxe4 13.Ncxe4 Nxe4 14.Nxe4 f5 15.Nc3 f4
16.Bg4 e4 17.Nxe4 Bxb2 18.Rb1 Bg7 19.Rb3 b6 20.Re1 Bxg4 21.Qxg4 Qc8 22.Qxc8 Raxc8
23.Rd3 Rce8 24.f3 fxg3 25.hxg3 Kh7 26.g4 Be5 27.Re2 Kg6 28.g3 Rh8 29.Rh2 h5
30.gxh5+ Rxh5 31.Rxh5 Kxh5 32.Kg2 Kg6 33.Re3 Bg7 34.g4 Be5 35.Re1 Bf4 36.Rh1 Rc8
37.Rb1 Rh8 38.Rh1 Rc8  1/2-1/2

[Event "VISA GP"]
[Site "Reykjavik"]
[Date "1998.??.??"]
[Round "9"]
[White "Olsen, Heini"]
[Black "Kindermann, Stefan"]
[Result "0-1"]
[WhiteElo "2270"]
[BlackElo "2565"]

1.d4 Nf6 2.c4 g6 3.Nc3 Bg7 4.e4 d6 5.Nf3 O-O 6.Be2 e5 7.d5 Na6 8.Bg5 h6 9.Bh4 g5
10.Bg3 Nxe4 11.Nxe4 f5 12.Nc3 f4 13.Ne4 Bf5 14.Nfd2 Nc5 15.f3 fxg3 16.hxg3 g4
17.Qc2 c6 18.fxg4 Bg6 19.Bd3 cxd5 20.Nxc5 e4 21.Bxe4 dxe4 22.Ne6 Qb6 23.Nxf8 Rxf8
24.c5 dxc5 25.O-O-O e3 26.Qb3+ c4 27.Qxb6 exd2+ 28.Rxd2 axb6 29.Rd6 Bd3 30.Rxb6 Bd4
31.Rxb7 Be3+ 32.Kd1 Rf2 33.Re7 Bg5 34.Rb7 Rc2 35.Ke1 Rc1+  0-1

[Event "Sao Paulo State-ch2"]
[Site "Rio Claro"]
[Date "1998.??.??"]
[Round "?"]
[White "Limp, Eduardo"]
[Black "Capucci, Marcos"]
[Result "1-0"]
[WhiteElo "2415"]
[BlackElo "2205"]

1.Nf3 Nf6 2.d4 g6 3.c4 Bg7 4.Nc3 O-O 5.e4 d6 6.Be2 e5 7.d5 a5 8.Bg5 h6 9.Bh4 Na6
10.Nd2 Nc5 11.b3 Bd7 12.a3 Qe8 13.O-O g5 14.Bg3 Nfxe4 15.Ndxe4 Nxe4 16.Nxe4 f5
17.f3 fxe4 18.fxe4 Qe7 19.Rxf8+ Qxf8 20.Bg4 Qf7 21.Bh5 Qe7 22.Qe2 b6 23.Rf1 Rf8
24.Rxf8+ Qxf8 25.Bg4 Qc8 26.Bxd7 Qxd7 27.h3 Bf8 28.a4 Be7 29.Qh5 Kg7 30.Be1 Bd8
31.h4 Bf6 32.Bd2 Qf7 33.Qxf7+ Kxf7 34.h5 Bd8 35.Kf2 c5 36.dxc6 Kf6 37.Kf3 Ke6
38.Be3 Kf6 39.Ke2 Ke6 40.Kf2 Kf6 41.Kg3 Ke6 42.Kg4 Kf6 43.Bxg5+ hxg5 44.h6 Kg6
45.h7 Kxh7 46.Kf5 Bc7 47.Ke6 b5 48.axb5 Kg6 49.Kd7 Bb6 50.c7 Bc5 51.Kc6 Kg7
52.c8=Q  1-0

[Event "BRA-ch"]
[Site "Rio de Janeiro"]
[Date "1998.??.??"]
[Round "6"]
[White "Lima, Darcy"]
[Black "Limp, Eduardo"]
[Result "1-0"]
[WhiteElo "2475"]
[BlackElo "2415"]

1.c4 Nf6 2.Nc3 g6 3.e4 d6 4.d4 Bg7 5.Be2 O-O 6.Be3 e5 7.Nf3 exd4 8.Nxd4 Re8
9.f3 Nc6 10.Nc2 Nd7 11.Qd2 a5 12.O-O Nc5 13.Bg5 f6 14.Bh6 Be6 15.Bxg7 Kxg7
16.Ne3 Bd7 17.Rae1 Ne5 18.f4 Nf7 19.Bd3 c6 20.Bb1 Re7 21.Rf3 Qh8 22.h4 Kg8
23.Rg3 Kf8 24.Rf1 Rae8 25.f5 gxf5 26.Nxf5 Bxf5 27.Rxf5 Re5 28.Rf1 Ke7 29.Qf2 Re6
30.Bc2 Rg8 31.e5 Rxg3 32.exd6+ Rxd6 33.Qxg3 Ne5 34.Qe3 b6 35.a3 Rd8 36.b4 axb4
37.axb4 Nd7 38.b5 cxb5 39.Nd5+ Kd6 40.Qa3+ Kc6 41.Be4 Nxc4 42.Nc3+  1-0

[Event "BRA-ch"]
[Site "Rio de Janeiro"]
[Date "1998.??.??"]
[Round "7"]
[White "Limp, Eduardo"]
[Black "Guimaraes, Wagner Peixoto"]
[Result "1-0"]
[WhiteElo "2415"]
[BlackElo "2260"]

1.d4 Nf6 2.Nf3 d6 3.c4 g6 4.Nc3 Bg7 5.e4 O-O 6.Be2 e5 7.d5 a5 8.Bg5 h6 9.Bh4 Na6
10.Nd2 Nc5 11.b3 Bd7 12.a3 Nfxe4 13.Bxd8 Nxc3 14.Qc1 Nxe2 15.Kxe2 Rfxd8 16.b4 axb4
17.axb4 Nd3 18.Qb1 Bf5 19.Rxa8 Rxa8 20.Qb3 Nf4+ 21.Kf3 Bd3 22.g3 Be2+ 23.Ke3 Re8
24.f3 g5 25.Qa4 b5 26.Qxb5  1-0

[Event "BRA-ch"]
[Site "Rio de Janeiro"]
[Date "1998.??.??"]
[Round "11"]
[White "Lima, Darcy"]
[Black "Guimaraes, Wagner Peixoto"]
[Result "1-0"]
[WhiteElo "2475"]
[BlackElo "2260"]

1.d4 Nf6 2.Nf3 g6 3.c4 Bg7 4.Nc3 O-O 5.e4 d6 6.Be2 e5 7.O-O exd4 8.Nxd4 Re8
9.f3 Nc6 10.Be3 Nh5 11.Qd2 Nxd4 12.Bxd4 Nf4 13.Rfd1 Nxe2+ 14.Nxe2 Be6 15.Qc3 Bxd4+
16.Nxd4 Qg5 17.Rac1 Rad8 18.Rc2 Bc8 19.Re2 h5 20.b4 a6 21.Qd2 Qf6 22.Re3 c5
23.Ne2 Be6 24.bxc5 dxc5 25.Rd3 Rxd3 26.Qxd3 Rc8 27.a4 Qb2 28.Nf4 Qe5 29.Nd5 Bxd5
30.cxd5 Qd6 31.Rb1 b6 32.Qe3 Rd8 33.h4 Qf6 34.f4 Kg7  1-0

[Event "SWE-ch qualA"]
[Site "Ronneby"]
[Date "1998.??.??"]
[Round "?"]
[White "Sunehag, Peter"]
[Black "Lind, Jan Olov"]
[Result "1/2-1/2"]
[WhiteElo "2255"]
[BlackElo "2310"]

1.d4 Nf6 2.c4 g6 3.Nc3 Bg7 4.e4 d6 5.Nf3 O-O 6.Be2 e5 7.O-O exd4 8.Nxd4 Re8
9.f3 Nc6 10.Be3 Nh5 11.Qd2 Nf4 12.Rfd1 Bxd4 13.Bxd4 Nxd4 14.Qxf4 c5 15.Bf1 Be6
16.Nb5 Nxb5 17.cxb5 c4 18.Rxd6 Qc7 19.Rad1 Qc5+ 20.Kh1 Qxb5 21.Qf6 Qc5 22.f4 Bg4
23.R1d4 Qb4 24.h3 Qe1 25.hxg4 Qxf1+ 26.Kh2 b5 27.Rd7 Rf8 28.Rb7 Rab8 29.Rxa7 Ra8
30.Rxa8 Rxa8 31.Rd7 Rf8 32.e5 Qe2 33.e6 Qxe6 34.Qxe6 fxe6 35.Kg3 Ra8 36.a3 b4
37.axb4 Rb8 38.Kh4 h6 39.g5 h5 40.Rd4 Rxb4 41.b3  1/2-1/2

[Event "SWE-ch qualB"]
[Site "Ronneby"]
[Date "1998.??.??"]
[Round "?"]
[White "Eriksson, Anders"]
[Black "Schutz, Ingemar"]
[Result "1-0"]
[WhiteElo "2290"]
[BlackElo "2195"]

1.d4 Nf6 2.c4 g6 3.Nc3 Bg7 4.e4 O-O 5.Nf3 d6 6.Be2 e5 7.O-O exd4 8.Nxd4 Re8
9.f3 Nh5 10.g4 Nf6 11.Kh1 h5 12.g5 Nfd7 13.Be3 Nc6 14.Rg1 Nde5 15.Nd5 Nxd4
16.Bxd4 Be6 17.Nf6+ Bxf6 18.gxf6 Bxc4 19.Bxc4 Nxc4 20.Qb3 d5 21.Rg5 Qd6 22.Rxd5 Nd2
23.Qe3 Qxd5 24.Qh6  1-0

[Event "Roskilde op"]
[Site "Roskilde"]
[Date "1998.??.??"]
[Round "7"]
[White "Kraai, Jesse"]
[Black "Nielsen, Peter Heine"]
[Result "1/2-1/2"]
[WhiteElo "2345"]
[BlackElo "2505"]

1.d4 Nf6 2.c4 g6 3.Nc3 Bg7 4.e4 d6 5.Nf3 O-O 6.Be2 e5 7.d5 a5 8.Bg5 Na6 9.Nd2 Qe8
10.O-O Bd7 11.b3 Kh8 12.a3 Ng8 13.Rb1 f5 14.f3 Bh6 15.Bxh6 Nxh6 16.b4 axb4
17.axb4 Qe7 18.Kh1 Nf7 19.Qc2 Rfb8 20.exf5 gxf5 21.f4 Rg8  1/2-1/2

[Event "ESP-chT"]
[Site "Salamanca"]
[Date "1998.??.??"]
[Round "1"]
[White "Gavin Roche, Enrique"]
[Black "Torrecillas Martinez, Antonio"]
[Result "0-1"]
[WhiteElo "2210"]
[BlackElo "2350"]

1.d4 Nf6 2.c4 g6 3.Nc3 Bg7 4.e4 d6 5.Be2 O-O 6.Nf3 e5 7.d5 Na6 8.Bg5 h6 9.Bh4 g5
10.Bg3 Nxe4 11.Nxe4 f5 12.Nc3 f4 13.Nd2 fxg3 14.hxg3 Nc5 15.g4 e4 16.Ndxe4 Nxe4
17.Nxe4 Qe7 18.Qc2 Rf4 19.f3 Bxg4 20.O-O-O Bd7 21.Bd3 g4 22.Rde1 gxf3 23.gxf3 Rxf3
24.Qd2 Qe5 25.Re2 Re8 26.Rg2 Rxd3 27.Qxh6 Qxb2+ 28.Rxb2 Bxh6+ 29.Rxh6 Rxe4
30.Rg2+ Kf8 31.Rh8+ Ke7 32.Rg7+ Kf6 33.Rxd7 Rxc4+ 34.Kb2 Rxd5 35.Rhh7 Rb5+
36.Ka3 Rc3+ 37.Ka4 Rbc5 38.Rde7 R5c4+  0-1

[Event "ESP-chT"]
[Site "Salamanca"]
[Date "1998.??.??"]
[Round "7"]
[White "Gavin Roche, Enrique"]
[Black "Paramos Dominguez, Roberto"]
[Result "0-1"]
[WhiteElo "2210"]
[BlackElo "2435"]

1.d4 Nf6 2.c4 g6 3.Nc3 Bg7 4.e4 d6 5.Be2 O-O 6.Nf3 e5 7.d5 a5 8.Bg5 h6 9.Bh4 Na6
10.Nd2 Qe8 11.a3 Bd7 12.Qc2 Nc5 13.b3 c6 14.O-O cxd5 15.cxd5 b5 16.b4 axb4
17.axb4 Na4 18.Nxa4 bxa4 19.Nc4 Qb8 20.Rfb1 g5 21.Bg3 Nxe4 22.Qxe4 f5 23.Qc2 f4
24.Ra2 e4 25.b5 fxg3 26.hxg3 Bd4 27.Ne3 Qe8 28.Rxa4 Rc8 29.Rc4 Qe5 30.Rd1 Bxe3
31.fxe3 Qxg3 32.Rxc8 Qxe3+ 33.Kh1 Rxc8 34.Qd2 Qxd2 35.Rxd2 Rc1+ 36.Kh2 Rb1
37.Rd4 Bxb5 38.Rxe4 Re1 39.Re8+ Bxe8  0-1

[Event "Balazs mem op"]
[Site "Salgotarjan"]
[Date "1998.??.??"]
[Round "4"]
[White "Kiss, Pal"]
[Black "Portisch, Ferenc"]
[Result "1-0"]
[WhiteElo "2435"]
[BlackElo "2370"]

1.d4 Nf6 2.c4 g6 3.Nc3 Bg7 4.e4 d6 5.Be2 O-O 6.Nf3 e5 7.d5 a5 8.Bg5 h6 9.Bh4 Na6
10.Nd2 Bd7 11.O-O c6 12.Rb1 Qb8 13.b3 g5 14.Bg3 cxd5 15.cxd5 Rc8 16.Nb5 Nh5
17.a4 Nxg3 18.fxg3 Nc5 19.Bg4 Bxb5 20.axb5 Rc7 21.Bf5 a4 22.b6 Re7 23.b4 Nb3
24.Nxb3 axb3 25.Qxb3 Qd8 26.Qe3  1-0

[Event "Balazs mem op"]
[Site "Salgotarjan"]
[Date "1998.??.??"]
[Round "8"]
[White "Egyed, Andras"]
[Black "Bottyan, Peter"]
[Result "1/2-1/2"]
[WhiteElo "2245"]
[BlackElo "2140"]

1.d4 Nf6 2.c4 g6 3.Nc3 Bg7 4.e4 d6 5.Be2 O-O 6.Nf3 e5 7.d5 a5 8.Bg5 h6 9.Bh4 Na6
10.Nd2 Qe8 11.Bxf6 Bxf6 12.h4 Bg7 13.h5 f5 14.Bf3 Nc5 15.hxg6 Nd3+ 16.Kf1 Qxg6
17.Qc2 Nb4 18.Qd1 Nd3 19.Qb1 Nc5 20.Qc2 Bf6 21.Bh5 Qh7 22.Bf3 Bg5 23.exf5 Bxf5
24.Nde4 Be3 25.Qe2 Bd4 26.Nxc5 Bxc5 27.Ne4 Bxe4 28.Bxe4 Qg7 29.f3 Rf4 30.Ke1 Qg5
31.Kd1 Raf8 32.Rf1 Rh4 33.Kc2 Rh2 34.f4 exf4 35.Bf3 Be3 36.Rh1 Rxh1 37.Rxh1 Qf5+
38.Qd3 Qxd3+ 39.Kxd3 Kg7 40.a4 Rf7 41.g3 Rf5 42.Rh5 Rxh5  1/2-1/2

[Event "Samobor"]
[Site "Samobor"]
[Date "1998.??.??"]
[Round "8"]
[White "Medic, Miljenko"]
[Black "Badea, Bela"]
[Result "0-1"]
[WhiteElo "2285"]
[BlackElo "2545"]

1.d4 d6 2.Nf3 Nf6 3.c4 g6 4.Nc3 Bg7 5.e4 O-O 6.Be2 Nbd7 7.O-O e5 8.Be3 h6
9.h3 exd4 10.Nxd4 Re8 11.Qc2 Nc5 12.f3 Nh5 13.b4 Ne6 14.Nxe6 Bxe6 15.Rad1 a5
16.b5 Ng3 17.Rfe1 Nxe2+ 18.Nxe2 f5 19.Bd4 fxe4 20.Bxg7 Kxg7 21.Qxe4 Qg5 22.Qd4+ Qf6
23.Nc3 Qxd4+ 24.Rxd4 Bf7 25.Kf2 Kf8 26.b6 cxb6 27.Rxd6 Rxe1 28.Kxe1 Rc8 29.Rxb6 Rxc4
30.Ne4 Rc2 31.a3 Ra2 32.Rxb7 Rxa3 33.Kf2 Ra2+ 34.Ke3 a4 35.Nc3 Ra1 36.Rb1 Rxb1
37.Nxb1 Ke7 38.Kd4 Kf6 39.g3 g5 40.Na3 Be6 41.h4 gxh4 42.gxh4 Kf5 43.Ke3 Ke5
44.Nb5 Bd7 45.Na3 Bc6 46.Nc4+ Kd5 47.Nb6+ Kc5 48.Nxa4+ Bxa4 49.Kf4 Kd6 50.Ke4 Bc6+
51.Kf4 Ke6  0-1

[Event "San Agustin opJ"]
[Site "San Agustin"]
[Date "1998.??.??"]
[Round "4"]
[White "Gunnarsson, Jon Viktor"]
[Black "Calota, Alina"]
[Result "1-0"]
[WhiteElo "2390"]
[BlackElo "2085"]

1.e4 g6 2.d4 Bg7 3.Nf3 d6 4.c4 Nf6 5.Nc3 O-O 6.Be2 e5 7.d5 a5 8.Bg5 Qe8 9.Nd2 h6
10.Bh4 Na6 11.a3 Nc5 12.O-O a4 13.Qc2 Nh7 14.b4 axb3 15.Nxb3 Nxb3 16.Qxb3 b6
17.Nb5 Qd7 18.a4 f5 19.f3 Nf6 20.exf5 gxf5 21.a5 bxa5 22.c5 Nh5 23.Rfc1 Nf4
24.Bf1 e4 25.Ra4 Ba6 26.Bf2 Bxb5 27.Bxb5 Qf7 28.Bg3 Nh5 29.fxe4 Rfb8 30.cxd6 Nxg3
31.Qxg3 Rxb5 32.dxc7 Rc8 33.Rac4 Qd7 34.d6 Re5 35.Qb3 Kh7 36.Qb7 Ree8 37.Qc6 Qxc6
38.Rxc6 Bd4+ 39.Kf1 fxe4 40.d7 Rf8+ 41.Ke1 Be5 42.dxc8=Q Rxc8 43.Rd1  1-0

[Event "Pan American op"]
[Site "San Felipe"]
[Date "1998.??.??"]
[Round "5"]
[White "Hernandez, Yudania"]
[Black "Chaves, Joara"]
[Result "1-0"]
[WhiteElo "2275"]
[BlackElo "2045"]

1.d4 Nf6 2.Nf3 g6 3.c4 Bg7 4.Nc3 O-O 5.e4 d6 6.Be2 e5 7.Be3 Nc6 8.Qd2 Re8
9.d5 Ne7 10.h3 a6 11.g4 Rb8 12.Nh2 Rf8 13.Bh6 c5 14.h4 Kh8 15.Bxg7+ Kxg7
16.h5 Neg8 17.O-O-O Bd7 18.Rdg1 b5 19.hxg6 fxg6 20.g5 Ne8 21.Ng4 Rf7 22.Rg3 Kh8
23.Nd1 Qe7 24.Nh6 Nxh6 25.Rxh6 Kg8 26.Rh2 Nc7 27.Ne3 Rbf8 28.Bg4 Be8 29.Kb1 Bd7
30.Bxd7 Qxd7 31.Ng4 bxc4 32.Nh6+ Kh8 33.Nxf7+ Rxf7 34.Qa5 Rf4 35.Rhh3 Rf7
36.Qb6 Qd8 37.a3 Kg8 38.a4 Kh8 39.Ka2 Kg8 40.Rc3 Rf4 41.Rxc4 Qd7 42.Qb8+ Kg7
43.Qb3 Rg4  1-0

[Event "Pan American op"]
[Site "San Felipe"]
[Date "1998.??.??"]
[Round "9"]
[White "Ramon, Vivian"]
[Black "Hernandez, Yudania"]
[Result "1/2-1/2"]
[WhiteElo "2325"]
[BlackElo "2275"]

1.d4 Nf6 2.c4 g6 3.Nc3 Bg7 4.e4 d6 5.Nf3 O-O 6.Be2 e5 7.O-O exd4 8.Nxd4 Re8
9.f3 Nh5 10.Nc2 Qh4 11.Nd5 Na6 12.Qe1 Qxe1 13.Rxe1 c6 14.Nde3 Be6 15.Rd1 Rad8
16.Bf1 Nc5 17.Rb1 Na4  1/2-1/2

[Event "San Francisco Linklater"]
[Site "San Francisco"]
[Date "1998.??.??"]
[Round "2"]
[White "Grefe, John A"]
[Black "Zilberstein, Dmitry"]
[Result "1/2-1/2"]
[WhiteElo "2425"]
[BlackElo "2310"]

1.c4 Nf6 2.Nc3 g6 3.e4 d6 4.d4 Bg7 5.Nf3 O-O 6.Be2 e5 7.d5 a5 8.Bg5 h6 9.Bh4 Na6
10.Nd2 Qe8 11.a3 Bd7 12.b3 Nh7 13.O-O f5 14.exf5 Bxf5 15.g4 e4 16.Rc1 e3
17.fxe3 Qxe3+ 18.Bf2 Qg5 19.h4 Qf4 20.gxf5 Be5 21.Nf3 Qg4+ 22.Kh1 Qh3+ 23.Kg1 Qg4+  1/2-1/2

[Event "San Francisco Linklater"]
[Site "San Francisco"]
[Date "1998.??.??"]
[Round "7"]
[White "Wolski, Thomas"]
[Black "Rey, Guillermo"]
[Result "0-1"]
[WhiteElo "2315"]
[BlackElo "2335"]

1.Nf3 Nf6 2.c4 g6 3.d4 Bg7 4.Nc3 O-O 5.e4 d6 6.Be2 e5 7.d5 a5 8.Bg5 h6 9.Be3 Ng4
10.Bc1 Na6 11.O-O Nc5 12.g3 Nf6 13.Qc2 Bh3 14.Re1 Nh5 15.Be3 b6 16.Nd2 Qd7
17.Rac1 f5 18.exf5 Bxf5 19.Nde4 Rf7 20.Nxc5 bxc5 21.Qd2 Raf8 22.f3 Bh3 23.Ne4 g5
24.Nf2 Nf4 25.Nxh3 Nxe2+ 26.Qxe2 Qxh3 27.Rf1 Qh5 28.Bd2 Rxf3 29.Rxf3 Rxf3
30.Qg2 e4 31.Bc3 Bd4+ 32.Bxd4 cxd4 33.c5 dxc5 34.Rxc5 Re3 35.g4 Qh4 36.Rc1 Re1+
37.Rxe1 Qxe1+ 38.Qf1 Qxf1+ 39.Kxf1  0-1

[Event "San Jose op"]
[Site "San Jose"]
[Date "1998.??.??"]
[Round "5"]
[White "Naya Sancho, Jose Ignacio"]
[Black "Egido, F."]
[Result "1-0"]
[WhiteElo "1915"]
[BlackElo "2095"]

1.d4 Nf6 2.Nf3 g6 3.c4 Bg7 4.Nc3 O-O 5.e4 d6 6.Be2 e5 7.dxe5 dxe5 8.Qxd8 Rxd8
9.Bg5 Re8 10.O-O-O c6 11.Nxe5 Be6 12.f4 Na6 13.Rd2 Nc5 14.Bf3 a5 15.Rhd1 b5
16.Nxc6 b4 17.Bxf6 bxc3 18.Bxc3 Bxc4 19.Bxg7 Kxg7 20.Rc2 Nd3+ 21.Kb1 Ba6
22.g3 a4 23.e5 Rac8 24.Be4 Re6 25.Nd4  1-0

[Event "San Jose op"]
[Site "San Jose"]
[Date "1998.??.??"]
[Round "6"]
[White "Gimeno, PJ."]
[Black "Hinojar Basa, Alfonso"]
[Result "0-1"]
[WhiteElo "1955"]
[BlackElo "2085"]

1.Nf3 Nf6 2.d4 g6 3.c4 Bg7 4.Nc3 O-O 5.e4 d6 6.Be2 e5 7.d5 Nbd7 8.Be3 Ng4
9.Bg5 f6 10.Bh4 a5 11.a3 Nc5 12.b3 Nh6 13.Nd2 g5 14.Bg3 f5 15.exf5 Nxf5 16.Nde4 Nd4
17.Nxc5 dxc5 18.Bd3 a4 19.Nxa4 e4 20.Bxe4 Qe7 21.O-O Qxe4 22.Re1 Qg6 23.Ra2 Bf5
24.Bxc7 Bc2 25.Rxc2 Nxc2 26.Re6 Qf5 27.Bg3 Bd4 28.Qe2 Nxa3 29.Re7 Qb1+ 30.Qe1 Qxe1+
31.Rxe1 Rae8 32.Kf1 Nc2 33.Rxe8 Rxe8 34.Nb6 Re1+  0-1

[Event "San Jose op"]
[Site "San Jose"]
[Date "1998.??.??"]
[Round "7"]
[White "Pardo, V."]
[Black "Andres Terrado, Miguel Angel"]
[Result "1/2-1/2"]
[WhiteElo "1875"]
[BlackElo "2065"]

1.d4 Nf6 2.c4 g6 3.Nc3 Bg7 4.e4 d6 5.Nf3 O-O 6.Be2 e5 7.d5 Nbd7 8.Be3 a5
9.Qc2 Nc5 10.Bxc5 dxc5 11.Nxe5 Nxe4 12.Nxe4 Bxe5 13.Nxc5 Bd6 14.Nd3 b6 15.O-O Qh4
16.f4 Bf5 17.a3 a4 18.g3 Qf6 19.Qc3 Qxc3 20.bxc3 Rfe8 21.Kf2 Re7 22.Rfe1 Rae8
23.c5 Bxd3 24.Bxd3 Bxc5+ 25.Kf1 Rxe1+ 26.Rxe1 Rxe1+ 27.Kxe1 Bxa3 28.Bb5 Bb2
29.Bxa4 Bxc3+ 30.Ke2 Kf8 31.Kd3 Bb4 32.Ke4 f5+ 33.Kf3 Ke7 34.h3 h5 35.g4 hxg4+
36.hxg4 Bd2 37.gxf5 gxf5 38.Bb3 b5 39.Ba2 Kd6 40.Bb3 Kc5 41.Bc2 Kxd5 42.Bxf5 c5
43.Be4+ Kd4 44.f5 Kc3 45.f6 Bh6 46.f7 b4 47.Bf5 c4 48.Ke4 Kb2 49.Kd4 c3 50.Kc4 b3  1/2-1/2

[Event "San Jose op"]
[Site "San Jose"]
[Date "1998.??.??"]
[Round "7"]
[White "Baldellou, R."]
[Black "Landa, FJ."]
[Result "1/2-1/2"]
[WhiteElo "2120"]
[BlackElo "2010"]

1.d4 Nf6 2.c4 g6 3.Nc3 Bg7 4.e4 d6 5.Nf3 O-O 6.Be2 e5 7.dxe5 dxe5 8.Qxd8 Rxd8
9.Bg5 Re8 10.O-O-O Na6 11.Nd2 c6 12.Be3 Ng4 13.Bxg4 Bxg4 14.f3 Be6 15.b3 Bf8
16.Ndb1 Be7 17.Rd2 b6 18.Rhd1 Rad8 19.Rxd8 Rxd8 20.Rxd8+ Bxd8 21.Na3 Be7
22.Nc2 Nb4 23.Ne1 f6 24.Kb2 Kf7 25.a3 Na6 26.Nd3 Bd6 27.Na4 Be7 28.f4 Bd6
29.fxe5 Bxe5+ 30.Nxe5+ fxe5 31.Nc3 Nc7 32.a4 Bd7 33.a5 c5 34.Nd5 Nxd5 35.cxd5 Bb5
36.Kc2 Bf1 37.g3 Bg2 38.Kd3 Bf1+  1/2-1/2

[Event "Sao Paulo State-ch3"]
[Site "Sao Caetano"]
[Date "1998.??.??"]
[Round "?"]
[White "De Toledo, James Mann"]
[Black "Cukier, Marcelo"]
[Result "0-1"]
[WhiteElo "2410"]
[BlackElo "2150"]

1.d4 Nf6 2.Nf3 g6 3.c4 Bg7 4.Nc3 O-O 5.e4 d6 6.Be2 e5 7.O-O Nh5 8.Re1 Nf4
9.Bf1 Bg4 10.d5 f5 11.h3 Bh5 12.exf5 gxf5 13.Bxf4 exf4 14.Qd3 Nd7 15.Nd4 Ne5
16.Qd2 Qg5 17.Kh1 Bh6 18.Ne6 Qh4 19.Qd4 Rf6 20.Rxe5 dxe5 21.Qxe5 Re8 22.c5 c6
23.Qd4 Rg6 24.Nc7 Bf3 25.Kh2 Bxg2 26.Bxg2 Rxg2+ 27.Kxg2 f3+ 28.Kxf3 Qxh3+  0-1

[Event "Sao Paulo State-ch3"]
[Site "Sao Caetano"]
[Date "1998.??.??"]
[Round "?"]
[White "Leitao, Rafael"]
[Black "Marques, Vinicius"]
[Result "1-0"]
[WhiteElo "2515"]
[BlackElo "2260"]

1.d4 Nf6 2.c4 g6 3.Nc3 Bg7 4.e4 d6 5.Be2 O-O 6.Nf3 e5 7.O-O Nh5 8.Re1 Nf4
9.Bf1 Bg4 10.d5 f5 11.h3 fxe4 12.hxg4 exf3 13.Qxf3 Nd7 14.Qd1 Qh4 15.Be3 h5
16.g3 Nh3+ 17.Kg2 Nxf2 18.gxh4 Nxd1 19.Raxd1 hxg4 20.Be2  1-0